000 00538nam a2200205Ia 4500
005 20250923150041.0
008 008 250917s9999 xx 000 0 eng d
037 _aTextual
040 _aDSWL
_beng
_cDSWL
041 _aeng
_2eng
084 _qDSWL
100 _aGarg, Ajay
_9841680
245 0 _aAkalank's employees P.F. & miscell .provisions act , 1952
_c by Ajay Garg
260 _aDelhi
_bAkalank Pub Delhi
_c1999
300 _a68p.
365 _aINR
_b50
925 _g50
942 _cTEXL
999 _c1458990
_d1458990